| 000 | 00389nam a22001697a 4500 | ||
|---|---|---|---|
| 005 | 20260408113831.0 | ||
| 008 | 160628b xxu||||| |||| 00| 0 eng d | ||
| 020 | _a0-14-018257-8 | ||
| 041 | _aeng | ||
| 082 | _a823.912 | ||
| 100 |
_aConrad, Joseph _93096 |
||
| 245 | _aTyphoon and Other Stories | ||
| 260 | _bPenguin | ||
| 300 | _a264 | ||
| 650 |
_aenglish fiction _98925 |
||
| 942 | _cBK | ||
| 999 |
_c4496 _d4495 |
||